[Event "Avoine op 34th"]
[Site "Avoine"]
[Date "2019.07.22"]
[Round "3"]
[White "Veysseyre, Robin"]
[Black "Wlodarczyk, Cyril"]
[Result "1-0"]
[WhiteElo "1878"]
[BlackElo "2098"]
[PlyCount "95"]
[EventDate "2019.07.20"]
[EventType "swiss"]
[EventRounds "9"]
[EventCountry "FRA"]
[SourceTitle "EXT 2020"]
[Source "ChessBase"]
[SourceDate "2019.10.17"]
[SourceVersion "1"]
[SourceVersionDate "2019.10.17"]
[SourceQuality "1"]

1. e4 c5 2. Nf3 Nc6 3. c4 e6 4. Nc3 a6 5. d4 cxd4 6. Nxd4 Bc5 7. Nb3 Bb4 8. Bd2 Nf6 9. Qc2 0-0 10. Be2 d5 11. exd5 exd5 12. cxd5 Nxd5 13. 0-0 Nde7 14. Bd3 Ng6 15. a3 Bd6 16. Ne4 Bc7 17. Bg5 f6 18. Bc4+ Kh8 19. Rad1 Qe7 20. Be3 f5 21. Ng3 Qh4 22. Bc5 Nge7 23. Nd4 Rf6 24. Nf3 Qh6 25. Rfe1 Be6 26. Bxe6 Bxg3 27. hxg3 Rxe6 28. Rxe6 Qxe6 29. Re1 Qf6 30. Bxe7 Nxe7 31. Qc7 Ng6 32. Qxb7 Rd8 33. b4 h6 34. a4 f4 35. g4 Qc3 36. Qb6 Qd3 37. b5 axb5 38. Qxb5 Qa3 39. Re8+ Rxe8 40. Qxe8+ Kh7 41. Qe4 Qa1+ 42. Kh2 Qf6 43. Qf5 Qxf5 44. gxf5 Ne7 45. a5 Nc6 46. a6 g5 47. fxg6+ Kxg6 48. Ne5+ 1-0

[Event "Coupe 2000"]
[Site "Saint Quentin"]
[Date "2019.06.29"]
[Round "1.4"]
[White "Barbelenet, Frederic"]
[Black "Veysseyre, Robin"]
[Result "0-1"]
[WhiteElo "1743"]
[BlackElo "1878"]
[PlyCount "74"]
[EventDate "2019.06.29"]
[EventType "team-match"]
[EventRounds "5"]
[EventCountry "FRA"]
[SourceTitle "EXT 2020"]
[Source "ChessBase"]
[SourceDate "2019.10.17"]
[SourceVersion "1"]
[SourceVersionDate "2019.10.17"]
[SourceQuality "1"]

1. e4 e5 2. Nf3 Nc6 3. d4 exd4 4. Nxd4 Nf6 5. Nxc6 bxc6 6. e5 Qe7 7. Qe2 Nd5 8. Nd2 g6 9. Nf3 Bg7 10. c3 h6 11. g3 0-0 12. Be3 Nxe3 13. Qxe3 Re8 14. Bc4 Bxe5 15. 0-0-0 Bg7 16. Qxe7 Rxe7 17. Rhe1 Rxe1 18. Rxe1 Kf8 19. Ne5 Bxe5 20. Rxe5 d6 21. Ra5 a6 22. h4 Be6 23. Bxe6 fxe6 24. b4 Ke7 25. Kd2 Kd7 26. Ke3 Kc8 27. f4 Kb7 28. h5 d5 29. hxg6 Rg8 30. Rc5 Rxg6 31. Kf3 Kb6 32. a4 Rg8 33. c4 Rd8 34. g4 d4 35. Rh5 d3 36. a5+ Kb7 37. Ke3 d2 0-1

[Event "Coupe 2000"]
[Site "Saint Quentin"]
[Date "2019.06.29"]
[Round "3.4"]
[White "Brecheteau, Paul"]
[Black "Veysseyre, Robin"]
[Result "1-0"]
[WhiteElo "1551"]
[BlackElo "1878"]
[PlyCount "141"]
[EventDate "2019.06.29"]
[EventType "team-match"]
[EventRounds "5"]
[EventCountry "FRA"]
[SourceTitle "EXT 2020"]
[Source "ChessBase"]
[SourceDate "2019.10.17"]
[SourceVersion "1"]
[SourceVersionDate "2019.10.17"]
[SourceQuality "1"]

1. e4 e5 2. Nf3 Nc6 3. Bc4 Nf6 4. d3 Bc5 5. 0-0 d6 6. h3 a6 7. a4 Be6 8. Bxe6 fxe6 9. Bg5 h6 10. Bh4 g5 11. Bg3 Qd7 12. c3 Ba7 13. Nbd2 Qg7 14. Qb3 Kd7 15. d4 exd4 16. e5 Nh5 17. cxd4 Nxg3 18. fxg3 Nxd4 19. Nxd4 Bxd4+ 20. Kh2 Bxe5 21. Nc4 Raf8 22. Nxe5+ Qxe5 23. Rxf8 Rxf8 24. Qxb7 Qd5 25. Qa7 Qc6 26. Qe3 Rf5 27. b3 Qc5 28. Qd3 Qd5 29. Qc2 Qc6 30. Qd3 Rf2 31. Rg1 Qc2 32. Qe3 Qd2 33. Qe4 Qc2 34. Qe3 Qe2 35. Qc3 e5 36. Qb4 e4 37. Qd4 e3 38. Qg7+ Kc6 39. Rc1+ Kd5 40. Qg8+ Ke5 41. Qe8+ Kd4 42. Rc4+ Qxc4 43. bxc4 e2 44. Qe6 Kd3 45. Qd5+ Kc3 46. Qa5+ Kc2 47. Qe1 Rf5 48. Qxe2+ Kc3 49. g4 Rc5 50. Qe6 Rxc4 51. Qxh6 d5 52. Qxa6 d4 53. Qa5+ Kc2 54. Qd5 Kc3 55. a5 d3 56. a6 Ra4 57. a7 d2 58. Qf3+ Kc2 59. a8Q Rxa8 60. Qxa8 d1Q 61. Qa4+ Kd2 62. Qa5+ Ke3 63. Qxg5+ Kf2 64. Qf4+ Ke2 65. Qf3+ Kd2 66. Qxd1+ Kxd1 67. g5 c5 68. g6 c4 69. g7 c3 70. g8Q c2 71. Qb3 1-0